000 00372nam a2200157Ia 4500
008 100122s9999 xx 000 0 und d
082 _b76139
_aB823.08
100 _aBLISHEN EDWARD
245 _aSCIENCE FICTION STORIES
250 _a1
260 _c2008
300 _a253
630 _aSCIENCE FICTION STORIES
730 _aSCIENCE FICTION STORIES
942 _cBOOK
999 _c392690
_d392687